| 000 | 00399nam a22001697a 4500 | ||
|---|---|---|---|
| 003 | MPLRDC | ||
| 005 | 20220104143413.0 | ||
| 008 | 210129b ||||| |||| 00| 0 eng d | ||
| 020 | _a983-40176-1-8 | ||
| 082 | _a868.71 DXH-9 | ||
| 100 | _a戴小华 | ||
| 245 |
_a永结无情游 _c |
||
| 260 |
_a _b文雅出版社 _c1999 |
||
| 300 | _b平 | ||
| 650 | _a马华文学 | ||
| 942 |
_cBK _o868.71 DXH-9 |
||
| 999 |
_c39567 _d39557 |
||